00844cam a2200229 a 450000100100000000500170001000800410002704000290006808200190009710000320011624500500014826000430019830000200024149000460026165000360030765000370034383000530038091000340043304900090046795201230047699900150059900001002120200929161815.0800517s1976 mau 001 0 spa  aDO-SdBNPbspacLCdBNPHU aPR861.44bZ35L1 aZapata Acosta, Ramon.9686814aLas luces invitadas /cRamón Zapata Acosta. aBoston :bFlorentia Publishers,c1976. a73 p. ;c19 cm.1 aPoesía Contemporánea Puertorriqueña 4aPoesía puertorriqueña91015 4aLiteratura puertorriqueña9250 0aPoesía Contemporánea Puertorriqueña924967 aCatalogación por copia / LC aBNGR 001052708MOaGRbGRcCTd2009-10-02iLF1l0oPR861.44 Z35Lp10021-10r2020-06-25w2020-06-25y2ZPréstamo interno c9780d9780